| 000 | 00605nam a2200181Ia 4500 | ||
|---|---|---|---|
| 008 | 100920s9999 xx 000 0 und d | ||
| 082 |
_b24605 _a891.463.1 थ 71 |
||
| 100 | _aखानोलकर चिंतामणी त्र्यंबक. | ||
| 245 | _aराखी पाखरू. | ||
| 260 |
_bमौज प्रकाशन-गृह,मुंबई.4. _c1971 |
||
| 300 |
_a178 _bसाधी |
||
| 365 | _b9 | ||
| 520 | _aलघुकथा. | ||
| 630 | _aराखी पाखरू. | ||
| 650 | _aलघुकथा. | ||
| 730 | _aराखी पाखरू. | ||
| 942 | _cBOOK | ||
| 999 |
_c682922 _d682919 |
||